| 000 | 00717nam a2200229Ia 4500 | ||
|---|---|---|---|
| 003 | GCL | ||
| 008 | 140319s9999 xx 000 0 ara d | ||
| 040 |
_aGCL / _cGCL |
||
| 082 | 0 | 4 |
_a219.1 _bم ت |
| 100 | 1 | _aمنصور الرفاعى عبيد | |
| 245 | 1 | 0 |
_aتربية الناشئة فى ضوء السيرة / _cمنصور الرفاعى عبيد |
| 260 |
_a[S.N] : _bدار الجيل ، _c1993 |
||
| 300 | _a104 ص | ||
| 490 | _a | ||
| 650 | 0 | 4 | _aالاسلام |
| 650 | 0 | 4 | _aالاسرة |
| 650 | 0 | 4 | _aالاسلام والاصلاح الاجتماعى |
| 650 | 0 | 4 | _aالزواج |
| 650 | 0 | 4 | _aحركات الاصلاح والتجديد |
| 650 | 0 | 4 | _aالاباء والابناء |
| 942 |
_2ddc _cBK |
||
| 999 |
_c55810 _d55810 |
||